Pertunjukan silap mata

Bibliographic Details
Main Author: Marzuki Manan
Format: Book
Published: Kuala Lumpur : Penerbitan Fargoes Sdn Bhd , 2012
Series:Siri Kanak-Kanak Harmoni

MARC

LEADER 00000cam a2200000 7i4500
001 0000041657
005 20140805.0
008 140805
020 |a 9674170134 
090 0 0 |a JAW 
100 0 |a Marzuki Manan 
245 0 0 |a Pertunjukan silap mata   |c Ustaz Marzuki Manan, Khairun Nisa', Ahmad Faaiz Mohamad 
260 |a Kuala Lumpur :   |b Penerbitan Fargoes Sdn Bhd ,   |c 2012 
490 0 |a Siri Kanak-Kanak Harmoni 
999 |a 0001260345   |b Book   |c Children Collection   |e Cawangan Tmn. Ungku Tun Aminah 
999 |a 0001260354   |b Book   |c Children Collection   |e Cawangan AEON Kulaijaya 
999 |a 0001260356   |b Book   |c Children Collection   |e Cawangan Pontian